000 00331nam a22001337a 4500
008 250709b |||||||| |||| 00| 0 eng d
020 _a0043321348
050 _aHD6220
_b.M85
100 _aMUMFORD, Karen
245 _aWomen Working: Economics and Reality
260 _aU.S.A
_bAllen & Unwin
_c1989
300 _ax, 153
942 _cBK
999 _c4196
_d4196